000 00256nam a2200109 a 4500
005 20140414131900.0
008 120327s19uu xx 00 eng d
050 _aFIL 398.6
_bB85 2008
245 _aMga bugtong at tula.
650 _aPoems
999 _c110608
_d110608